00297nam a2200121Ia 4500008004100000020001600041041000800057082002500065100001500090245002500105260003600130300000900166230411s9999 xx 000 0 und d a8016-0185-1 aeng aPA/616.07/AND/B00776 aAnderson W aPathology : Volume 1 bC V Mosby CompanyaBombayc1971 a874p